[Event "SVK Extraliga 2017-18"]
[Site "Slovakia"]
[Date "2017.12.10"]
[Round "6"]
[White "Nemeth, Miklos"]
[Black "Haring, Viktor"]
[Result "1-0"]
[WhiteElo "2487"]
[BlackElo "2289"]
[Annotator "TA"]
[PlyCount "63"]
[EventDate "2017.??.??"]
[EventType "team-tourn"]
[EventCountry "SVK"]
[SourceTitle "playchess.com"]
[Source "ChessBase"]
[SourceQuality "1"]

{[%evp 9,63,-14,0,-10,0,0,0,3,-7,-37,-28,-24,16,0,0,-12,0,0,0,0,49,-27,10,14,11,0,39,17,36,-25,0,0,0,7,35,-78,0,0,0,0,0,0,-2,-427,-371,-399,0,0,799,799,804,802,795,777,770,762]} 1. e4 c5 2. b3 Nc6 3. Bb2 e5 4. Bb5 d6 5. Ne2 Nf6 (5... Nge7 6. O-O g6 7. c3 Bg7 8. d4 exd4 9. cxd4 a6 10. Bxc6+ Nxc6 11. Qd2 Qf6 12. Na3 Be6 13. Rab1 cxd4 {1-0 (33) Ovsejevitsch,S (2602)-Keymer,V (2411) Dresden 2017}) 6. d3 {B20: Sicilian: Unusual White 2nd moves} Be7 7. O-O O-O 8. Bxc6 {The position is equal.} bxc6 9. f4 {[#]} c4 $146 {[%mdl 512]} ({Predecessor:} 9... Ng4 10. Qc1 exf4 11. h3 f3 12. gxf3 Nh6 {½-½ (25) Managadze,N (2447)-Karapanos,N (2303) Athens 2000}) 10. h3 (10. bxc4 Qb6+) 10... Qb6+ 11. Kh2 cxd3 12. cxd3 Ba6 13. Ng3 g6 14. Na3 Ne8 15. Qc2 ({White should play} 15. Nc4 $14 Qc7 16. Qf3 (16. fxe5 Bxc4 17. dxc4 dxe5 $11)) 15... d5 16. fxe5 Ng7 17. Rad1 h5 {[%cal Bh7h5,Bh5h4][%mdl 32]} 18. exd5 cxd5 19. Nb1 (19. Ne2 $14) 19... h4 20. Ne2 Nf5 $36 {[%mdl 2048] Black fights for an advantage.} (20... Rac8 $5 21. Qd2 $8 Nf5 $11) 21. Rxf5 gxf5 (21... Rac8 $5 {[%cal Rc8c2]} 22. Qd2 gxf5 $15) 22. Nf4 (22. Nd4 $14 {stays ahead.}) 22... Qe3 (22... Bg5 $17 23. Nxd5 Qe6 24. Nf6+ Bxf6 25. exf6 Qe3) 23. Nxd5 $11 Qg3+ 24. Kh1 Bg5 {[#] And now ...Bb7 would win.} 25. Nbc3 $1 {[%cal Bb1c3,Bc3d5,Bd5f6][%mdl 32]} Rac8 (25... Qxe5 26. Ne4 $14) 26. Bc1 $2 {[%mdl 8192]} (26. Qe2 $1 $11 {and White has nothing to worry.} Bb7 27. Rf1 Rxc3 28. Rf3) 26... Bb7 $19 {...Bxd5 is the strong threat.} 27. Qe2 {aiming for Bf4!} Bxd5 $2 (27... Rfd8 $19 28. e6 Rxd5 29. exf7+ Kf8 30. Bxg5 Qxg5 31. Nxd5 Bxd5) 28. Nxd5 $11 {Strongly threatening Bf4!} Bxc1 $4 {[%mdl 8192]} ({Of course not} 28... Rxc1 $6 29. Rxc1 Re8 30. Re1 $16) (28... Rfd8 $11 29. Bxg5 Qxg5) 29. Nf6+ $18 {White is clearly winning.} Kg7 30. Nh5+ Kg6 31. Nxg3 hxg3 32. Qf3 {Precision: White = 43%, Black = 26%.} 1-0

[Event "SVK Extraliga 2017-18"]
[Site "Slovakia"]
[Date "2017.12.10"]
[Round "6"]
[White "Cernousek, Lukas"]
[Black "Balogh, Csaba"]
[Result "*"]
[WhiteElo "2456"]
[BlackElo "2632"]
[Annotator "TA"]
[PlyCount "28"]
[EventDate "2017.??.??"]
[EventType "team-tourn"]
[EventCountry "SVK"]
[SourceTitle "playchess.com"]
[Source "ChessBase"]
[SourceQuality "1"]

{[%evp 12,14,27,24,57]} 1. e4 c5 2. Nf3 e6 3. d4 cxd4 4. Nxd4 a6 5. c4 Nf6 6. Nc3 Bb4 7. Qd3 {LiveBook: 212 Partien. B41: Sizilianisch (Paulsen-Variante)} d6 {Vorgänger:} 8. Be2 $146 O-O 9. O-O Bxc3 10. Qxc3 Nxe4 11. Qc2 Nf6 12. Bg5 h6 13. Bh4 e5 14. Nf5 Nc6 {1-0 (47) Nepomniachtchi,I (2751)-Caruana,F (2807) Saint Louis 2017} *

[Event "SVK Extraliga 2017-18"]
[Site "Slovakia"]
[Date "2017.12.10"]
[Round "6"]
[White "Pacher, Milan"]
[Black "Vass, Frantisek"]
[Result "*"]
[WhiteElo "2449"]
[BlackElo "2324"]
[Annotator "TA"]
[PlyCount "35"]
[EventDate "2017.??.??"]
[EventType "team-tourn"]
[EventCountry "SVK"]
[SourceTitle "playchess.com"]
[Source "ChessBase"]
[SourceQuality "1"]

{[%evp 13,14,0,7]} 1. e4 e6 2. d4 d5 3. Nc3 Nf6 4. e5 Nfd7 5. f4 c5 6. Nf3 Nc6 7. Be3 a6 {Predecessor:} 8. Qd2 $146 b5 9. dxc5 Bxc5 10. Ne2 O-O 11. Ned4 Qb6 12. c3 b4 13. Bd3 a5 14. O-O Ba6 15. Kh1 Bxd3 16. Qxd3 Qa6 17. Qc2 bxc3 18. bxc3 {½-½ (31) Dominguez Perez,L (2739)-So,W (2788) Saint Louis 2017} *

[Event "SVK Extraliga 2017-18"]
[Site "Slovakia"]
[Date "2017.12.10"]
[Round "6"]
[White "Varga, Zoltan"]
[Black "Urhegyi, Marton"]
[Result "1-0"]
[WhiteElo "2447"]
[BlackElo "2249"]
[Annotator "TA"]
[PlyCount "71"]
[EventDate "2017.??.??"]
[EventType "team-tourn"]
[EventCountry "SVK"]
[SourceTitle "playchess.com"]
[Source "ChessBase"]
[SourceQuality "1"]

{[%evp 16,71,41,33,52,47,50,44,45,28,26,26,69,63,58,60,85,40,45,36,54,47,64,46,78,73,82,39,136,125,173,176,189,184,189,190,196,187,495,391,392,354,392,384,356,350,358,343,735,346,712,710,1136,1003,1213,1220,1047,1028]} 1. c4 e5 2. Nf3 Nc6 3. Nc3 Nf6 4. d4 exd4 5. Nxd4 Nxd4 6. Qxd4 Be7 7. g3 O-O 8. Bg2 d6 9. O-O {LiveBook: 9 Games} Nd7 {A54: Old Indian Defence with Nf3, but without e4} (9... c6 10. b3 Qa5 11. Bb2 Qh5 12. h4 Be6 13. Rad1 Qg6 14. Qf4 Nh5 15. Qd2 f5 16. e3 Rad8 17. Qc2 Bf6 {1-0 (66) Ghaem Maghami,E (2603)-Filippov,A (2607) Ha Long City 2009}) 10. Nd5 Bf6 11. Nxf6+ Qxf6 {White is slightly better.} 12. Be3 Re8 $146 ({Predecessor:} 12... Qxd4 13. Bxd4 Re8 14. Rfe1 Ne5 15. b3 Nc6 16. Bc3 Bg4 17. Kf1 {½-½ (61) Turner,M (2506)-Rehn,R (2164) Tromsoe 2010}) 13. Qd2 Ne5 14. b3 Qg6 15. Rfe1 Qh5 16. Bd4 Nc6 17. Bc3 Bg4 18. f3 Bd7 19. Rad1 Re7 20. e4 $40 {[%mdl 128] White wants a kill.} Rae8 21. Qf2 Ne5 {[#]} (21... b6 $14) 22. c5 $1 $16 dxc5 {[#]} 23. g4 $1 {[%cal Rg4h5]} Bxg4 24. fxg4 Nxg4 25. Qg3 Ne5 26. Rf1 Re6 $2 (26... f6 27. Rd5 c6) 27. Rd5 f6 28. Bh3 (28. Bxe5 Rxe5 29. Rxf6 Rxd5 $18) 28... Rd6 29. Rxd6 cxd6 30. Rxf6 $1 Qd1+ 31. Rf1 Qe2 $2 (31... Qh5 32. Kh1 a6) 32. Bxe5 (32. Qf4 $142 {White threatens Be6+! and mate.} h5 33. Bxe5 Rxe5 34. Qf7+ Kh7 35. Bf5+ Rxf5 36. Qxf5+ Kg8 37. Kh1) 32... Rxe5 $2 (32... dxe5 33. Bd7 Re7) 33. Qf4 $18 {[%csl Gf1][%cal Rf4f8] White is clearly winning.} h5 34. Qf7+ Kh8 35. Bf5 Rxf5 36. Qxf5 {Precision: White = 68%, Black = 34%.} ({And not} 36. exf5 Qg4+ 37. Kh1 (37. Kf2 Qd4+ 38. Kg3 Qg4+ 39. Kf2 Qd4+ 40. Kg2 Qg4+ 41. Kh1 Qe4+ 42. Kg1 Qg4+ 43. Kh1 Qe4+ 44. Kg1 Qg4+ $11) 37... Qe4+ 38. Kg1 Qg4+ 39. Kh1 (39. Kf2 Qh4+ 40. Kf3 Qg4+ 41. Kf2 Qh4+ 42. Kg2 Qg4+ 43. Kh1 Qe4+ 44. Kg1 Qg4+ $11) 39... Qe4+ 40. Kg1 Qg4+ $11) 1-0

[Event "SVK Extraliga 2017-18"]
[Site "Slovakia"]
[Date "2017.12.10"]
[Round "6"]
[White "Pechac, Jergus"]
[Black "Antoniewski, Rafal"]
[Result "*"]
[WhiteElo "2443"]
[BlackElo "2531"]
[Annotator "TA"]
[PlyCount "42"]
[EventDate "2017.??.??"]
[EventType "team-tourn"]
[EventCountry "SVK"]
[SourceTitle "playchess.com"]
[Source "ChessBase"]
[SourceQuality "1"]

{[%evp 13,14,21,33]} 1. d4 Nf6 2. c4 d6 3. Nc3 e5 4. Nf3 Nbd7 5. g3 g6 6. Bg2 Bg7 7. O-O O-O {LiveBook: 8360 Games} {Predecessor:} 8. e4 $146 a6 9. Be3 Rb8 10. h3 exd4 11. Nxd4 Re8 12. a4 a5 13. Qc2 c6 14. Rad1 Qc7 15. f4 Nc5 16. g4 Bd7 17. f5 Rbc8 18. g5 Nfxe4 19. Bxe4 d5 20. Bf4 Qb6 21. f6 Bf8 {½-½ (55) Ding,L (2777)-Mamedyarov,S (2799) Huaian 2017} *

[Event "SVK Extraliga 2017-18"]
[Site "Slovakia"]
[Date "2017.12.10"]
[Round "6"]
[White "Druska, Juraj"]
[Black "Nayhebaver, Martin"]
[Result "1/2-1/2"]
[WhiteElo "2438"]
[BlackElo "2447"]
[Annotator "TA"]
[PlyCount "111"]
[EventDate "2017.??.??"]
[EventType "team-tourn"]
[EventCountry "SVK"]
[SourceTitle "playchess.com"]
[Source "ChessBase"]
[SourceQuality "1"]

{[%evp 15,111,36,46,25,116,120,150,122,158,95,108,73,71,73,73,76,77,73,66,7,3,6,3,0,0,0,12,0,14,0,0,0,0,0,0,0,0,0,0,-14,-9,-16,0,-11,0,0,22,4,8,8,14,0,0,0,0,0,0,0,0,0,0,0,0,-8,-1,-1,0,0,0,0,0,0,0,0,0,0,0,0,0,0,0,0,0,0,0,0,0,0,0,0,0,0,0,0,0,0,0,0]} 1. e4 c5 2. Nf3 d6 3. d4 Nf6 4. dxc5 Nxe4 5. cxd6 Nxd6 6. Nc3 Nc6 {B53: Sicilian: 2...d6: Lines with Qxd4} 7. Be3 Bg4 8. h3 Bh5 {LiveBook: 3 Games. White is slightly better.} 9. Qd5 $146 ({Predecessor:} 9. g4 Bg6 10. Nd4 Na5 11. Ndb5 Nc6 12. Nxd6+ exd6 13. Qd2 Be7 {½-½ (32) Brkic,A (2569)-Xu,X (2467) Zadar 2016}) 9... Bg6 (9... Bxf3 $1 $11 {remains equal.} 10. Qxf3 e6) 10. Qb3 $1 $16 Qa5 {[#]} 11. O-O-O $1 {Rxd6! is the strong threat.} Qb4 {[#]} 12. Nb5 (12. Qxb4 $142 $1 Nxb4 13. Ne5) 12... Qxb3 {[%csl Gg6][%cal Rb3c2]} 13. Nxd6+ (13. cxb3 $6 Rc8 $11) 13... exd6 {[%csl Gg6][%cal Rb3c2]} 14. axb3 ({Don't play} 14. cxb3 $6 Rc8 $11) 14... Be7 15. Bd3 O-O-O 16. Bxg6 hxg6 17. Ng5 (17. c3 $14) 17... Bxg5 $11 {The position is equal.} 18. Bxg5 f6 19. Bf4 d5 20. Rhe1 d4 21. f3 Rh5 22. Re2 Ra5 23. Kb1 d3 24. Rxd3 Rxd3 25. cxd3 {[%mdl 4096] Endgame KRB-KRN} Kd7 26. Re4 Rd5 27. Bd2 Rxd3 28. Bc3 Rd1+ 29. Kc2 Rg1 30. Rg4 Ne7 31. Bd4 Ra1 32. Bc5 b6 33. Bxe7 Kxe7 34. Rxg6 {KR-KR} Kf7 35. Rg4 Rg1 36. h4 f5 37. Rg5 Kf6 38. b4 g6 39. Kd3 Rh1 40. g3 Rb1 41. Kc3 Rf1 42. f4 Rc1+ 43. Kd4 Rb1 44. Kc3 Rc1+ 45. Kb3 Rg1 46. Kc4 Rc1+ 47. Kb3 Rg1 48. b5 Rh1 49. Kc2 Rh2+ 50. Kc3 Rh1 51. b4 Rc1+ 52. Kd4 Rb1 53. Kc4 Rc1+ 54. Kd5 Rb1 55. Kc4 Rc1+ 56. Kd5 {Precision: White = 49%, Black = 69%.} 1/2-1/2

[Event "SVK Extraliga 2017-18"]
[Site "Slovakia"]
[Date "2017.12.10"]
[Round "6"]
[White "Motuz, Karol"]
[Black "Rigo, Zsolt"]
[Result "1/2-1/2"]
[WhiteElo "2432"]
[BlackElo "2394"]
[Annotator "TA"]
[PlyCount "45"]
[EventDate "2017.??.??"]
[EventType "team-tourn"]
[EventCountry "SVK"]
[SourceTitle "playchess.com"]
[Source "ChessBase"]
[SourceQuality "1"]

{[%evp 18,45,0,0,26,16,21,25,39,12,12,20,22,-7,-8,-5,0,0,0,0,11,6,0,0,0,2,18,0,20,0]} 1. d4 Nf6 2. c4 e6 3. g3 d5 4. Nf3 Bb4+ 5. Bd2 Be7 6. Bg2 c6 7. Qc2 b6 8. O-O Ba6 9. Bf4 O-O 10. Nbd2 Nh5 {E06: Closed Catalan: Early deviations} (10... Nbd7 11. Rfe1 Nh5 12. Ne5 Nxe5 13. Bxe5 f6 14. Bf4 Nxf4 15. gxf4 Bb4 16. Red1 Qd6 17. Nf1 dxc4 18. a3 Ba5 {0-1 (35) Wang,H (2724)-Aronian,L (2783) Shanghai 2010}) 11. Bxb8 Rxb8 12. Ne5 $146 ({Predecessor:} 12. e4 Nf6 13. Rfd1 Bb7 14. e5 Nd7 15. cxd5 cxd5 16. Qd3 a6 17. Ne1 Rc8 18. f4 {½-½ (71) Sharevich,A (2311)-Demina,J (2337) Dagomys 2008}) 12... Bb7 {White has an edge.} 13. Rfd1 Rc8 {The position is equal.} 14. Rac1 Nf6 15. cxd5 cxd5 16. Qa4 Rxc1 17. Rxc1 Qa8 18. e3 Bd6 19. Ndf3 h6 20. Bf1 Rc8 21. Rxc8+ Bxc8 22. Ba6 Bb7 23. Kg2 {Precision: White = 38%, Black = 50%.} 1/2-1/2

[Event "SVK Extraliga 2017-18"]
[Site "Slovakia"]
[Date "2017.12.10"]
[Round "6"]
[White "Pinter, Erik"]
[Black "Hros, Roman"]
[Result "0-1"]
[WhiteElo "2381"]
[BlackElo "2194"]
[Annotator "NA"]
[PlyCount "80"]
[EventDate "2017.??.??"]
[EventType "team-tourn"]
[EventCountry "SVK"]
[SourceTitle "playchess.com"]
[Source "ChessBase"]
[SourceQuality "1"]
[TimeControl "40/5400+30:1800+30"]

1. e4 {[%emt 0:00:00]} c5 {[%emt 0:00:00]} 2. Nf3 {[%emt 0:00:06]} e6 {[%emt 0:00:02]} 3. d3 {[%emt 0:01:25]} Nc6 {[%emt 0:01:05]} 4. g3 {[%emt 0:00:16]} Nf6 {[%emt 0:03:28]} 5. Bg2 {[%emt 0:00:20]} d5 {[%emt 0:00:15]} 6. Nbd2 {[%emt 0:00:10]} Be7 {[%emt 0:01:04]} 7. O-O {[%emt 0:00:12]} b6 {[%emt 0:00:08]} 8. Re1 {[%emt 0:00:47]} Bb7 {[%emt 0:00:12]} 9. c3 {[%emt 0:13:05]} Qc7 {[%emt 0:16:10]} 10. Qe2 {[%emt 0:02:54]} O-O-O {[%emt 0:09:38]} 11. a3 {[%emt 0:09:46]} h6 {[%emt 0:05:04]} 12. e5 {[%emt 0:11:28]} Nd7 {[%emt 0:01:08]} 13. Nf1 {[%emt 0:10:58]} g5 {[%emt 0:01:14]} 14. h3 {[%emt 0:01:46]} Rdg8 {[%emt 0:00:47]} 15. g4 {[%emt 0:03:54]} h5 {[%emt 0:04:14]} 16. Ng3 {[%emt 0:07:24]} hxg4 {[%emt 0:01:02]} 17. hxg4 {[%emt 0:00:02]} Kb8 {[%emt 0:16:12]} 18. Nh5 {[%emt 0:01:22]} d4 {[%emt 0:06:30]} 19. cxd4 {[%emt 0:16:06]} Rxh5 {[%emt 0:01:39]} 20. d5 {[%emt 0:01:09]} Rh6 {[%emt 0:11:15]} 21. dxc6 {[%emt 0:00:57]} Bxc6 {[%emt 0:01:12]} 22. Bd2 {[%emt 0:01:31]} Rgh8 {[%emt 0:01:03]} 23. b4 {[%emt 0:01:46]} Qb7 {[%emt 0:00:27]} 24. Rac1 {[%emt 0:06:47]} Rh3 {[%emt 0:02:45]} 25. Bxh3 {[%emt 0:00:37]} Bxf3 {[%emt 0:01:42]} 26. Qf1 {[%emt 0:00:08]} Rh4 {[%emt 0:00:55]} 27. Re3 {[%emt 0:05:38]} b5 {[%emt 0:08:16]} 28. Rce1 {[%emt 0:01:12]} Nb6 {[%emt 0:00:44]} 29. Rxf3 {[%emt 0:00:32]} Qxf3 {[%emt 0:00:15]} 30. Re3 {[%emt 0:00:04]} Qd5 {[%emt 0:01:37]} 31. Qe2 {[%emt 0:02:16]} Qd4 {[%emt 0:00:59]} 32. Kh2 {[%emt 0:00:41]} c4 {[%emt 0:01:55]} 33. Qf3 {[%emt 0:00:40]} Nd5 {[%emt 0:01:23]} 34. Qxf7 {[%emt 0:00:27]} Qxg4 {[%emt 0:01:58]} 35. Rg3 {[%emt 0:00:30]} Qf5 {[%emt 0:01:02]} 36. Qxf5 {[%emt 0:00:25]} exf5 {[%emt 0:00:01]} 37. dxc4 {[%emt 0:00:22]} bxc4 {[%emt 0:00:03]} 38. Kg1 {[%emt 0:00:45]} f4 {[%emt 0:00:14]} 39. Bg2 {[%emt 0:00:28]} fxg3 {[%emt 0:00:04]} 40. Bxd5 {[%emt 0:00:06]} Rd4 {[%emt 0:30:05]} 0-1

[Event "SVK Extraliga 2017-18"]
[Site "Slovakia"]
[Date "2017.12.10"]
[Round "6"]
[White "Farkas, Gabor"]
[Black "Zetocha, Claudiu"]
[Result "1-0"]
[WhiteElo "2378"]
[BlackElo "2352"]
[Annotator "NA"]
[PlyCount "139"]
[EventDate "2017.??.??"]
[EventType "team-tourn"]
[EventCountry "SVK"]
[SourceTitle "playchess.com"]
[Source "ChessBase"]
[SourceQuality "1"]
[TimeControl "40/5400+30:1800+30"]

1. d4 {[%emt 0:00:00]} Nf6 {[%emt 0:01:53]} 2. Bf4 {[%emt 0:00:00]} g6 {[%emt 0:02:45]} 3. e3 {[%emt 0:00:58]} Bg7 {[%emt 0:00:22]} 4. Nf3 {[%emt 0:00:08]} d6 {[%emt 0:06:08]} 5. Be2 {[%emt 0:01:13]} Nbd7 {[%emt 0:02:10]} 6. O-O {[%emt 0:01:08]} b6 {[%emt 0:13:41]} 7. a4 {[%emt 0:02:39]} a5 {[%emt 0:09:43]} 8. c4 {[%emt 0:01:28]} Bb7 {[%emt 0:00:41]} 9. Nc3 {[%emt 0:01:15]} O-O {[%emt 0:05:44]} 10. Qc2 {[%emt 0:03:02]} Nb8 {[%emt 0:06:25]} 11. Rad1 {[%emt 0:06:37]} Nh5 {[%emt 0:07:02]} 12. Bg5 {[%emt 0:02:12]} h6 {[%emt 0:00:06]} 13. Bh4 {[%emt 0:00:05]} Nc6 {[%emt 0:01:22]} 14. d5 {[%emt 0:01:55]} Nb4 {[%emt 0:00:39]} 15. Qb1 {[%emt 0:02:55]} Qe8 {[%emt 0:04:31]} 16. Nd4 {[%emt 0:03:59]} e5 {[%emt 0:01:48]} 17. dxe6 {[%emt 0:04:01]} fxe6 {[%emt 0:00:05]} 18. Ncb5 {[%emt 0:02:42]} Rc8 {[%emt 0:09:43]} 19. Bg4 {[%emt 0:01:51]} Bxd4 {[%emt 0:00:29]} 20. Nxd4 {[%emt 0:01:44]} Ng7 {[%emt 0:00:17]} 21. f3 {[%emt 0:14:13]} Nf5 {[%emt 0:08:17]} 22. Bf2 {[%emt 0:00:15]} Ng7 {[%emt 0:08:54]} 23. e4 {[%emt 0:04:37]} g5 {[%emt 0:02:26]} 24. Rfe1 {[%emt 0:03:49]} Qf7 {[%emt 0:00:25]} 25. Be3 {[%emt 0:07:26]} Rce8 {[%emt 0:00:23]} 26. b3 {[%emt 0:01:02]} Qg6 {[%emt 0:04:32]} 27. e5 {[%emt 0:07:17]} Qxb1 {[%emt 0:00:15]} 28. Rxb1 {[%emt 0:00:07]} d5 {[%emt 0:01:20]} 29. Bd2 {[%emt 0:02:55]} Nd3 {[%emt 0:00:58]} 30. Re3 {[%emt 0:03:00]} dxc4 {[%emt 0:00:02]} 31. bxc4 {[%emt 0:01:48]} Nc5 {[%emt 0:00:08]} 32. Nb5 {[%emt 0:01:03]} Rd8 {[%emt 0:00:34]} 33. Bc3 {[%emt 0:01:16]} Rf7 {[%emt 0:00:12]} 34. Bd4 {[%emt 0:00:56]} Nxa4 {[%emt 0:01:06]} 35. Ra3 {[%emt 0:00:41]} Nc5 {[%emt 0:01:27]} 36. Bxc5 {[%emt 0:00:07]} bxc5 {[%emt 0:00:03]} 37. Rxa5 {[%emt 0:00:30]} Bc6 {[%emt 0:00:33]} 38. Na7 {[%emt 0:01:31]} Be8 {[%emt 0:00:40]} 39. Rxc5 {[%emt 0:00:17]} Rd2 {[%emt 0:01:29]} 40. Rb8 {[%emt 0:04:34]} Kh7 {[%emt 0:30:27]} 41. Nc6 {[%emt 0:37:57]} Rfd7 {[%emt 0:00:00]} 42. h4 {[%emt 0:00:00]} h5 {[%emt 0:00:00]} 43. Bh3 {[%emt 0:00:00]} gxh4 {[%emt 0:00:00]} 44. Nb4 {[%emt 0:00:00]} Bg6 {[%emt 0:00:00]} 45. Nd5 {[%emt 0:00:00]} Rf7 {[%emt 0:00:00]} 46. Nf6+ {[%emt 0:00:00]} Kh6 {[%emt 0:00:00]} 47. Rb7 {[%emt 0:00:00]} Bf5 {[%emt 0:00:00]} 48. Rcxc7 {[%emt 0:00:00]} Rxc7 {[%emt 0:00:00]} 49. Rxc7 {[%emt 0:00:00]} Bxh3 {[%emt 0:00:00]} 50. gxh3 {[%emt 0:00:00]} Nf5 {[%emt 0:00:00]} 51. Ne4 {[%emt 0:00:00]} Rc2 {[%emt 0:00:00]} 52. c5 {[%emt 0:00:00]} Kg6 {[%emt 0:01:13]} 53. Rc8 {[%emt 0:00:00]} Ng3 {[%emt 0:01:45]} 54. Nd6 {[%emt 0:02:01]} Ne2+ {[%emt 0:00:37]} 55. Kf1 {[%emt 0:02:23]} Nd4 {[%emt 0:00:58]} 56. f4 {[%emt 0:00:09]} Nf3 {[%emt 0:00:35]} 57. c6 {[%emt 0:00:53]} Kg7 {[%emt 0:01:51]} 58. c7 {[%emt 0:00:30]} Kh7 {[%emt 0:00:02]} 59. Ne8 {[%emt 0:00:27]} Rd2 {[%emt 0:00:59]} 60. Nf6+ {[%emt 0:00:52]} Kg6 {[%emt 0:00:00]} 61. Rg8+ {[%emt 0:01:10]} Kf5 {[%emt 0:00:02]} 62. Rg2 {[%emt 0:00:20]} Rd1+ {[%emt 0:00:21]} 63. Kf2 {[%emt 0:00:58]} Rc1 {[%emt 0:01:21]} 64. Kxf3 {[%emt 0:00:30]} Rc3+ {[%emt 0:00:09]} 65. Kf2 {[%emt 0:00:10]} Kxf4 {[%emt 0:00:09]} 66. Nxh5+ {[%emt 0:02:14]} Kxe5 {[%emt 0:00:14]} 67. Rg5+ {[%emt 0:00:22]} Kd6 {[%emt 0:00:29]} 68. Rg7 {[%emt 0:00:24]} Ke5 {[%emt 0:00:08]} 69. Rf7 {[%emt 0:00:33]} Ke4 {[%emt 0:00:45]} 70. Nf6+ {[%emt 0:00:10] Kd5} 1-0

[Event "SVK Extraliga 2017-18"]
[Site "Slovakia"]
[Date "2017.12.10"]
[Round "6"]
[White "Csonka, Attila Istvan"]
[Black "Zatko, Gregor"]
[Result "1-0"]
[WhiteElo "2366"]
[BlackElo "2167"]
[Annotator "NA"]
[PlyCount "79"]
[EventDate "2017.??.??"]
[EventType "team-tourn"]
[EventCountry "SVK"]
[SourceTitle "playchess.com"]
[Source "ChessBase"]
[SourceQuality "1"]
[TimeControl "40/5400+30:1800+30"]

1. e4 {[%emt 0:00:00]} g6 {[%emt 0:00:04]} 2. d4 {[%emt 0:00:00]} Bg7 {[%emt 0:00:03]} 3. Nf3 {[%emt 0:00:02]} d6 {[%emt 0:00:05]} 4. Bc4 {[%emt 0:01:02]} e6 {[%emt 0:00:07]} 5. Bb3 {[%emt 0:01:25]} Ne7 {[%emt 0:00:06]} 6. O-O {[%emt 0:01:59]} Nd7 {[%emt 0:00:04]} 7. Re1 {[%emt 0:02:29]} b6 {[%emt 0:00:06]} 8. Nbd2 {[%emt 0:01:06]} Bb7 {[%emt 0:00:23]} 9. Nf1 {[%emt 0:00:12]} c5 {[%emt 0:04:55]} 10. c3 {[%emt 0:01:28]} cxd4 {[%emt 0:04:20]} 11. cxd4 {[%emt 0:03:47]} O-O {[%emt 0:02:56]} 12. Bg5 {[%emt 0:07:59]} h6 {[%emt 0:00:22]} 13. Bd2 {[%emt 0:01:10]} Nf6 {[%emt 0:02:45]} 14. Ng3 {[%emt 0:02:38]} d5 {[%emt 0:00:41]} 15. e5 {[%emt 0:00:07]} Ne4 {[%emt 0:01:30]} 16. Bb4 {[%emt 0:00:07]} Re8 {[%emt 0:12:15]} 17. Ba4 {[%emt 0:03:43]} Nc6 {[%emt 0:00:10]} 18. Ba3 {[%emt 0:03:43]} a6 {[%emt 0:00:55]} 19. Bc2 {[%emt 0:00:23]} Nxg3 {[%emt 0:11:21]} 20. hxg3 {[%emt 0:00:13]} Na5 {[%emt 0:01:26]} 21. b3 {[%emt 0:02:41]} Nc6 {[%emt 0:04:09]} 22. Rc1 {[%emt 0:04:18]} b5 {[%emt 0:00:45]} 23. Bc5 {[%emt 0:01:19]} b4 {[%emt 0:01:28]} 24. g4 {[%emt 0:00:16]} a5 {[%emt 0:02:54]} 25. g3 {[%emt 0:01:56]} Nb8 {[%emt 0:05:14]} 26. Kg2 {[%emt 0:04:16]} Nd7 {[%emt 0:00:05]} 27. Bd6 {[%emt 0:01:42]} Nf8 {[%emt 0:01:17]} 28. Rh1 {[%emt 0:01:24]} Nh7 {[%emt 0:03:07]} 29. Nh4 {[%emt 0:03:21]} Ng5 {[%emt 0:01:29]} 30. f3 {[%emt 0:07:06]} Qd7 {[%emt 0:01:04]} 31. Bxg6 {[%emt 0:09:44]} fxg6 {[%emt 0:02:34]} 32. Rc7 {[%emt 0:00:21]} Qb5 {[%emt 0:00:16]} 33. Qc2 {[%emt 0:00:05]} Ne4 {[%emt 0:00:53]} 34. fxe4 {[%emt 0:02:34]} Rac8 {[%emt 0:08:04]} 35. Rf1 {[%emt 0:03:05]} Qb6 {[%emt 0:02:30]} 36. Rff7 {[%emt 0:02:17]} Rxc7 {[%emt 0:01:48]} 37. Qxc7 {[%emt 0:00:30]} Qxc7 {[%emt 0:00:20]} 38. Rxc7 {[%emt 0:00:04]} Ba8 {[%emt 0:00:08]} 39. Nxg6 {[%emt 0:00:07]} dxe4 {[%emt 0:00:16]} 40. Kf2 {[%emt 0:00:04]} 1-0

[Event "SVK Extraliga 2017-18"]
[Site "Slovakia"]
[Date "2017.12.10"]
[Round "6"]
[White "Hrabusa, Matej"]
[Black "Mrva, Martin"]
[Result "0-1"]
[WhiteElo "2357"]
[BlackElo "2401"]
[Annotator "NA"]
[PlyCount "78"]
[EventDate "2017.??.??"]
[EventType "team-tourn"]
[EventCountry "SVK"]
[SourceTitle "playchess.com"]
[Source "ChessBase"]
[SourceQuality "1"]
[TimeControl "40/5400+30:1800+30"]

1. d4 {[%emt 0:00:00]} d6 {[%emt 0:01:34]} 2. Nf3 {[%emt 0:00:00]} Bg4 {[%emt 0:01:33]} 3. c4 {[%emt 0:00:03]} c6 {[%emt 0:03:23]} 4. Nc3 {[%emt 0:00:58]} Qb6 {[%emt 0:03:12]} 5. e3 {[%emt 0:08:49]} Nd7 {[%emt 0:06:29]} 6. Be2 {[%emt 0:02:01]} e6 {[%emt 0:12:29]} 7. O-O {[%emt 0:04:29]} Be7 {[%emt 0:00:53]} 8. h3 {[%emt 0:01:42]} Bh5 {[%emt 0:00:21]} 9. Qa4 {[%emt 0:16:00]} Ngf6 {[%emt 0:04:23]} 10. b4 {[%emt 0:00:56]} Bg6 {[%emt 0:03:47]} 11. Ba3 {[%emt 0:07:07]} Qc7 {[%emt 0:05:25]} 12. Rac1 {[%emt 0:04:40]} Ne4 {[%emt 0:01:25]} 13. Nxe4 {[%emt 0:04:47]} Bxe4 {[%emt 0:00:09]} 14. Nd2 {[%emt 0:01:05]} Bg6 {[%emt 0:01:30]} 15. d5 {[%emt 0:05:20]} O-O {[%emt 0:04:30]} 16. Rfd1 {[%emt 0:04:04]} a5 {[%emt 0:11:45]} 17. b5 {[%emt 0:02:50]} Nb6 {[%emt 0:01:32]} 18. Qb3 {[%emt 0:00:43]} a4 {[%emt 0:00:51]} 19. Qb4 {[%emt 0:07:05]} c5 {[%emt 0:00:18]} 20. Qb2 {[%emt 0:00:05]} Bf6 {[%emt 0:00:07]} 21. Rc3 {[%emt 0:00:16]} exd5 {[%emt 0:01:12]} 22. Qc1 {[%emt 0:00:23]} Rfe8 {[%emt 0:10:08]} 23. Bf1 {[%emt 0:05:46]} Bh5 {[%emt 0:14:19]} 24. g4 {[%emt 0:00:45]} Bg6 {[%emt 0:00:06]} 25. Bg2 {[%emt 0:03:43]} h5 {[%emt 0:02:42]} 26. cxd5 {[%emt 0:00:42]} hxg4 {[%emt 0:00:56]} 27. hxg4 {[%emt 0:00:06]} Qd7 {[%emt 0:00:25]} 28. Nc4 {[%emt 0:02:21]} Nxc4 {[%emt 0:01:54]} 29. Rxc4 {[%emt 0:00:05]} Qxb5 {[%emt 0:00:09]} 30. f4 {[%emt 0:03:37]} Rxe3 {[%emt 0:01:38]} 31. f5 {[%emt 0:03:42]} Rxa3 {[%emt 0:02:08]} 32. fxg6 {[%emt 0:01:01]} Rxa2 {[%emt 0:00:11]} 33. gxf7+ {[%emt 0:00:56]} Kxf7 {[%emt 0:00:48]} 34. Qf4 {[%emt 0:03:00]} Qb2 {[%emt 0:01:20]} 35. Qf3 {[%emt 0:01:42]} Qe2 {[%emt 0:00:56]} 36. Rb1 {[%emt 0:01:39]} Qxc4 {[%emt 0:00:51]} 37. Rxb7+ {[%emt 0:00:06]} Kg8 {[%emt 0:00:06]} 38. g5 {[%emt 0:01:57]} Qc1+ {[%emt 0:00:34]} 39. Kh2 {[%emt 0:00:15]} Qxg5 {[%emt 0:00:07]} 0-1